00718nam a22001577a 4500999001700000008004100017050002400058100001700082245014500099260004200244300002600286650007100312700001600383942003600399952012500435 c24397d24397170128b xxu||||| |||| 00| 0 eng d aN7971 .H8H3713 1991 aHapak,Jozsef aThe habitation of thy house, Lord, I have loved well ... :breformed ecclesiastical art in Hungary /cJózsef Hapák; Béla Takács, Dr. aBudapest : bOfficina Nova, c[1991?] a79p. :bill. ;c29cm. a Christian art and symbolism xHungary yModern period, 1500 aTakacs,Bela 2lcccBOOKShN7971 .H8H3713 1991 00102lcc4070aMUCbMUCcTECHd2017-01-28eDonation(BFA)l0oN7971 .H8H3713 1991p32483r2018-07-18w2017-01-28yBOOKS